Statystyki dla Najstarsze marki motoryzacyjne świata.

Kliknij tutaj aby rozwiązać quiz!

Ogólne statystyki

  • Ten quiz został rozwiązany 410 razy
  • Średni wynik to 5 z 9

Statystyki odpowiedzi

NumerRokKrajMarka% Poprawnych
51895CzechyŠkoda Auto
79%
41883NiemcyMercedes-Benz
78%
81899WłochyFiat
77%
11810FrancjaPeugeot
60%
71899FrancjaRenault
58%
31862NiemcyOpel Automobile GmbH
45%
21850CzechyTatra
23%
91901Stany ZjednoczoneCadillac
18%
61896Wielka BrytaniaLand Rover
17%

Rozkład punktacji

Percentyl według liczby udzielonych odpowiedzi

Procent ludzi z każdym wynikiem

Twoja historia wyników

Nie rozwiązałeś tego quizu